00840cam a2200265 4500001000700000003000900007005001700016008004100033010001700074040002300091043001200114050002000126082001600146100004100162245007000203250001300273260003700286300002900323350001000352500006100362504005300423651003000476651003600506651003200542305877BDDh-ASL20231015025719.0710309s1959 ii b 001 0 eng  a 72913048  aDLCcDLCdBDDh-ASL aa-ii---00aHN683b.A8 197000a954.02bASL1 aAshraf, Kunwar Mohammad,d1903-1962.10aLife and conditions of the people of Hindustan/cby K. M. Ashraf. a1st ed.  aDelhi:bJiwan Prakashan, c1959. axxviii, 274 p. :c22 cm. a25.00 aA revision of the author's thesis, University of London. aIncludes bibliographical references and index.  0aIndiaxSocial conditions. 0aIndiaxPolitics and government. 0aIndiaxEconomic conditions.